Dūr koʼī gāʼe / (Record no. 62030)

MARC details
000 -LEADER
fixed length control field 00533cam a22001934a 4500
001 - CONTROL NUMBER
control field sa 65001368
003 - CONTROL NUMBER IDENTIFIER
control field DLC
005 - DATE AND TIME OF LATEST TRANSACTION
control field 20260227112109.0
008 - FIXED-LENGTH DATA ELEMENTS--GENERAL INFORMATION
fixed length control field 820504s1961 pk a 000 0 urdo
010 ## - LIBRARY OF CONGRESS CONTROL NUMBER
LC control number sa 65001368
040 ## - CATALOGING SOURCE
Original cataloging agency DLC
Transcribing agency DLC
Modifying agency DLC
050 00 - LIBRARY OF CONGRESS CALL NUMBER
Classification number PK2200.S43191655
Item number D8 1961
100 0# - MAIN ENTRY--PERSONAL NAME
Personal name Shakīl Badāyūnī,
Dates associated with a name 1916-1970.
245 10 - TITLE STATEMENT
Title Dūr koʼī gāʼe /
Statement of responsibility, etc. Shakīl Badāyūnī.
260 ## - PUBLICATION, DISTRIBUTION, ETC.
Place of publication, distribution, etc. Lāhaur :
Name of publisher, distributor, etc. Niyāzī Pablisharz,
Date of publication, distribution, etc. [1961?]
300 ## - PHYSICAL DESCRIPTION
Extent 128 p. :
Other physical details ill. ;
Dimensions 19 cm.
500 ## - GENERAL NOTE
General note Poems.
546 ## - LANGUAGE NOTE
Language note In Urdu.

No items available.

Powered by Koha